Uudenmaan urheiluseuroja 2 - maakunta - Statistics

Yleistilastot
  • Tätä visaa on pelattu 31 kertaa
  • Keskiarvotulos 8 / 16
Vastaustilastot
Kuvavisa Hint Vastaus % Oikein
Veikkausliiga Ekenäs IF
85%
M Ykkösliiga | N Kakkonen Järvenpään Pallo
81%
MN Superpesis Hyvinkään Tahko
78%
M Kakkonen Nurmijärven Jalkapalloseura
78%
mm. MN Bandyliiga | yleisurheilu | maastohiihto | suunnistus Porvoon Akilles
70%
Suomi-sarja Haukat
67%
mm. yleisurheilu, suunnistus IF Sibbo-Vargarna
67%
Suomi-sarja Porvoo Hunters
67%
MN Aktialiiga BK-46
48%
M Ykkönen Pallokerho Keski-Uusimaa
44%
pesäpallo Vihdin Pallo
41%
N F-liiga Porvoon Salibandyseura
37%
M Vaahteraliiga Porvoon Butchers
33%
N F-liiga | M 3. divisioona SB-Pro
33%
suunnistus Rajamäen Rykmentti
19%
suunnistus Hiidenkiertäjät
0%
Ehtoja vastaavia visoja ei löytynyt
Tulosjakauma
Jokaisen tuloksen saaneiden osuus
Persentiili vastausten määrän mukaan
Tuloshistoriasi
Et ole pelannut tätä visaa